| 000 | 00521nam a2200169 i 4500 | ||
|---|---|---|---|
| 001 | 98130 | ||
| 003 | ES-MaACL | ||
| 005 | 20230906182224.0 | ||
| 007 | t| | ||
| 008 | 050726s1964 sp ||||1| spa d | ||
| 100 | 1 |
_aMarrero, Vicente. _977070 |
|
| 245 | 1 | 3 |
_aLa consolidación política _b: teoría de una posibilidad española / _cVicente Marrero. |
| 260 |
_aMadrid : _bPunta Europa, _c1964. |
||
| 300 |
_a306 p. ; _c25 cm. |
||
| 651 | 4 |
_aEspaña- _xHistoria- _y1939-1975, Dictadura. _9167928 |
|
| 852 |
_aES-MaACL _jC-24779 |
||
| 999 |
_c98130 _d98130 |
||